000 01268nam a22002297a 4500
999 _c59529
_d59529
003 Ge_BSU
005 20230309140808.0
008 230309s1997 ge ||||| |||| 00| 0 geo d
041 _ageo
080 _a342.4(470) მ-54
100 _aმელქაძე, ოთარ
_917149
245 _aრუსეთის სახელმწიფო სისტემა /
_cოთარ მელქაძე, კ. ყურაშვილი; მსოფლ. პარლამენტარიზმის კვლევ. ცენტრი.
264 _aთბილისი :
_bუფლება,
_c1997.
300 _a160 გვ. ;
_b20 სმ.
653 _aრუსეთის ფედერაციის კონსტიტუცია
653 _aპოლიტიკური პარტიები რუსეთში
653 _aრუსეთის სახელმწიფო ხელისუფლება
653 _aრუსეთის უმაღლესი სასამართლო
700 _aყურაშვილი, კ.
_eავტორი
_917150
710 _aმსოფლ. პარლამენტარიზმის კვლევ. ცენტრი
_917151
942 _2udc
_cBK